Saddest Countries - Statistics

General Stats
  • This quiz has been taken 119 times
  • The average score is 5 of 15
Answer Stats
Score Country % Correct
46/1000 Nigeria
56%
193.9/1000 Sudan
56%
92.1/1000 Iran
51%
53/1000 Brazil
40%
3827.6/1000 Venezuela
38%
105.7/1000 Libya
36%
49/1000 Haiti
34%
49/1000 South Africa
33%
177.1/1000 Lebanon
31%
547/1000 Zimbabwe
28%
95/1000 Argentina
24%
60.6/1000 Angola
20%
145.3/1000 Suriname
17%
60.4/1000 Madagascar
13%
47/1000 Kyrgyzstan
9%
No matching quizzes found
Score Distribution
Percent of People with Each Score
Percentile by Number Answered
Your Score History
You have not taken this quiz